[Event "IND-ch U17 Girls"]
[Site "Bengaluru"]
[Date "2015.10.10"]
[Round "10"]
[White "Thamaraiselvi, P."]
[Black "Bidhar, Rutumbara"]
[Result "1-0"]
[WhiteElo "1670"]
[BlackElo "1826"]
[PlyCount "77"]
[EventDate "2015.10.03"]
[EventType "swiss"]
[EventRounds "11"]
[EventCountry "IND"]
[SourceTitle "CBM 168 Extra"]
[Source "ChessBase"]
[SourceDate "2015.10.29"]
[SourceVersion "1"]
[SourceVersionDate "2015.10.29"]
[SourceQuality "1"]

1. e4 c5 2. Nf3 e6 3. d4 cxd4 4. Nxd4 a6 5. Be3 Nf6 6. Bd3 Qc7 7. 0-0 Be7 8. c4 0-0 9. f4 d6 10. Nc3 Nbd7 11. Rc1 b6 12. Bb1 Bb7 13. f5 e5 14. Nd5 Nxd5 15. cxd5 Nc5 16. f6 exd4 17. Bxd4 Bxf6 18. Bxf6 gxf6 19. Qg4+ Kh8 20. Qf5 Rg8 21. Qxf6+ Rg7 22. b4 Re8 23. bxc5 bxc5 24. Rc3 Kg8 25. Rg3 Rxg3 26. hxg3 Qe7 27. Qh6 Qf8 28. Qh4 Re5 29. Rf6 c4 30. Qg4+ Kh8 31. Qd7 Bxd5 32. exd5 Re1+ 33. Rf1 Rxf1+ 34. Kxf1 Qh6 35. Qf5 Qc1+ 36. Kf2 Qd2+ 37. Kf3 Qc3+ 38. Kg4 Qg7+ 39. Kh5 1-0

[Event "IND-ch U17 Girls"]
[Site "Bengaluru"]
[Date "2015.10.09"]
[Round "9"]
[White "Potluri, Saye Srreezza"]
[Black "Thamaraiselvi, P."]
[Result "1/2-1/2"]
[WhiteElo "1817"]
[BlackElo "1670"]
[PlyCount "71"]
[EventDate "2015.10.03"]
[EventType "swiss"]
[EventRounds "11"]
[EventCountry "IND"]
[SourceTitle "CBM 168 Extra"]
[Source "ChessBase"]
[SourceDate "2015.10.29"]
[SourceVersion "1"]
[SourceVersionDate "2015.10.29"]
[SourceQuality "1"]

1. d4 Nf6 2. c4 e6 3. Nc3 Bb4 4. e3 0-0 5. Nge2 d5 6. a3 Be7 7. cxd5 exd5 8. Nf4 c6 9. Bd3 a5 10. 0-0 Na6 11. Nh5 Nxh5 12. Qxh5 g6 13. Qf3 Nc7 14. b3 Be6 15. Rb1 b6 16. b4 axb4 17. axb4 Qd7 18. h3 Na6 19. Bxa6 Rxa6 20. b5 cxb5 21. Rxb5 Rc8 22. Rb3 Bb4 23. Qe2 Ra1 24. Rxb4 Rxc3 25. Qb2 Rca3 26. Rxb6 R3a2 27. Rb8+ Kg7 28. Qb4 Qc7 29. Bb2 Rxf1+ 30. Kxf1 Qh2 31. Qf8+ Kf6 32. Qd8+ Kg7 33. Qf8+ Kf6 34. Qd8+ Kg7 35. Qf8+ Kf6 36. Qd8+ 1/2-1/2

[Event "IND-ch U17 Girls"]
[Site "Bengaluru"]
[Date "2015.10.08"]
[Round "8"]
[White "Thamaraiselvi, P."]
[Black "Smaraki, Mohanty"]
[Result "1/2-1/2"]
[WhiteElo "1670"]
[BlackElo "1762"]
[PlyCount "45"]
[EventDate "2015.10.03"]
[EventType "swiss"]
[EventRounds "11"]
[EventCountry "IND"]
[SourceTitle "CBM 168 Extra"]
[Source "ChessBase"]
[SourceDate "2015.10.29"]
[SourceVersion "1"]
[SourceVersionDate "2015.10.29"]
[SourceQuality "1"]

1. e4 e6 2. d4 d5 3. Nd2 dxe4 4. Nxe4 Be7 5. Nf3 Nf6 6. Bd3 Nbd7 7. 0-0 0-0 8. h3 c5 9. dxc5 Nxe4 10. Bxe4 Nxc5 11. Qe2 Qc7 12. c3 Bf6 13. Bc2 b6 14. Rd1 Ba6 15. Qe1 Rad8 16. Bg5 Bxg5 17. Nxg5 h6 18. Nf3 Qf4 19. Rxd8 Rxd8 20. Rd1 Rxd1 21. Qxd1 Qc7 22. Qd4 Bb7 23. Ne5 1/2-1/2

[Event "IND-ch U17 Girls"]
[Site "Bengaluru"]
[Date "2015.10.04"]
[Round "2"]
[White "Thamaraiselvi, P."]
[Black "Vantika, Agrawal"]
[Result "1/2-1/2"]
[WhiteElo "1670"]
[BlackElo "2039"]
[PlyCount "125"]
[EventDate "2015.10.03"]
[EventType "swiss"]
[EventRounds "11"]
[EventCountry "IND"]
[SourceTitle "CBM 168 Extra"]
[Source "ChessBase"]
[SourceDate "2015.10.29"]
[SourceVersion "1"]
[SourceVersionDate "2015.10.29"]
[SourceQuality "1"]

1. e4 c5 2. Nf3 Nc6 3. Nc3 e5 4. Bc4 d6 5. d3 Be7 6. 0-0 Nf6 7. h3 0-0 8. Nd5 Nxd5 9. Bxd5 Be6 10. c3 Bf6 11. Bxe6 fxe6 12. Be3 Qe7 13. d4 exd4 14. cxd4 Rfd8 15. Rc1 Rac8 16. Qd2 b6 17. Rfd1 e5 18. d5 Nd4 19. Ng5 Rf8 20. Bxd4 Bxg5 21. Be3 Bf4 22. b3 Rf6 23. Bxf4 exf4 24. f3 Qe5 25. Re1 Rg6 26. Re2 Re8 27. Kf1 Rg3 28. Ke1 h6 29. Kd1 Rf8 30. Kc2 Rf6 31. Kb1 Rfg6 32. Rc2 b5 33. Qd3 b4 34. Rcd2 a5 35. Qc2 Rf6 36. Qb2 Rg5 37. Qxe5 Rxe5 38. Kc2 Rf7 39. Kd3 Rb7 40. Kc4 Kf7 41. Re1 g5 42. Ree2 h5 43. Rd1 Kg6 44. Rde1 Rb8 45. Rd1 Rb7 46. Rg1 g4 47. hxg4 hxg4 48. Rh1 Rg5 49. Rh4 gxf3 50. gxf3 Rg1 51. Reh2 Rc1+ 52. Kd3 Rc3+ 53. Ke2 Rc2+ 54. Kd1 Rxh2 55. Rxh2 a4 56. Rh4 Kf6 57. Kc2 axb3+ 58. axb3 Ra7 59. Kd3 Ra2 60. Rh6+ Ke7 61. Rh7+ Kd8 62. Rf7 Rb2 63. Kc4 1/2-1/2

[Event "IND-chB (Women) 41st"]
[Site "Mapusa"]
[Date "2014.09.10"]
[Round "6"]
[White "Thamaraiselvi, P."]
[Black "Anjana Krishna, Sreela"]
[Result "0-1"]
[WhiteElo "1665"]
[BlackElo "1933"]
[PlyCount "78"]
[EventDate "2014.09.07"]
[EventType "swiss"]
[EventRounds "11"]
[EventCountry "IND"]
[SourceTitle "CBM 162 Extra"]
[Source "ChessBase"]
[SourceDate "2014.10.17"]
[SourceVersion "1"]
[SourceVersionDate "2014.10.17"]
[SourceQuality "1"]

1. e4 e5 2. Nf3 Nc6 3. Bb5 a6 4. Ba4 Nf6 5. 0-0 Be7 6. Re1 b5 7. Bb3 d6 8. c3 Bg4 9. d3 0-0 10. Nbd2 Na5 11. Bc2 c5 12. Nf1 h6 13. h3 Be6 14. Ne3 Nc6 15. d4 cxd4 16. cxd4 Bc8 17. a3 Re8 18. d5 Na5 19. b4 Nb7 20. a4 Bd7 21. axb5 Bxb5 22. Bd3 Qb6 23. Nc2 a5 24. Bxb5 Qxb5 25. Na3 Qb6 26. b5 Nc5 27. Nd2 Rec8 28. Ndc4 Qb7 29. f3 Nfd7 30. Bd2 a4 31. Bb4 Nb3 32. Rb1 Rxc4 33. Rxb3 Rd4 34. Rd3 Rxb4 35. Qd2 Rb3 36. Rxb3 axb3 37. Ra1 Qb6+ 38. Kh2 Qd4 39. Qe1 Qb2 0-1

[Event "IND-chB (Women) 41st"]
[Site "Mapusa"]
[Date "2014.09.07"]
[Round "2"]
[White "Thamaraiselvi, P."]
[Black "Mahalakshmi, Muganda Kumar"]
[Result "0-1"]
[WhiteElo "1665"]
[BlackElo "2048"]
[PlyCount "90"]
[EventDate "2014.09.07"]
[EventType "swiss"]
[EventRounds "11"]
[EventCountry "IND"]
[SourceTitle "CBM 162 Extra"]
[Source "ChessBase"]
[SourceDate "2014.10.17"]
[SourceVersion "1"]
[SourceVersionDate "2014.10.17"]
[SourceQuality "1"]

1. e4 c6 2. Nf3 d5 3. exd5 cxd5 4. d4 Nc6 5. Be3 Bg4 6. Be2 e6 7. 0-0 Bd6 8. Nbd2 Nge7 9. h3 Bh5 10. Re1 Qc7 11. c4 dxc4 12. Nxc4 Bb4 13. Rf1 Nd5 14. a3 Be7 15. Nfe5 Bxe2 16. Qxe2 0-0 17. Rac1 Bf6 18. Nxc6 Qxc6 19. Rfd1 Qa6 20. Kf1 Rfd8 21. Nd2 Qd6 22. Nf3 h6 23. Qb5 Rd7 24. Qc5 Qa6+ 25. Qc4 Qb6 26. Rc2 Rad8 27. b4 e5 28. Qc5 Qa6+ 29. b5 Qa4 30. Qc4 Qxa3 31. Rd3 Qe7 32. dxe5 Nxe3+ 33. Rxe3 Rd1+ 34. Ke2 Bg5 35. Nxg5 Qxg5 36. e6 fxe6 37. Qxe6+ Kh8 38. Qe5 Qxg2 39. Rg3 Qf1+ 40. Kf3 Qd3+ 41. Kg2 Qf1+ 42. Kf3 R1d3+ 43. Ke4 Qh1+ 44. Kf4 R3d4+ 45. Ke3 Qe1+ 0-1

[Event "IND-ch U15 Girls 30th"]
[Site "Kolkata"]
[Date "2013.08.08"]
[Round "4"]
[White "Thamaraiselvi, P."]
[Black "Kavya, Srishti K"]
[Result "1-0"]
[WhiteElo "1725"]
[BlackElo "1445"]
[PlyCount "57"]
[EventDate "2013.08.06"]
[EventType "swiss"]
[EventRounds "11"]
[EventCountry "IND"]
[SourceTitle "CBM 155 Extra"]
[Source "ChessBase"]
[SourceDate "2013.08.26"]
[SourceVersion "1"]
[SourceVersionDate "2013.08.26"]
[SourceQuality "1"]

1. e4 c5 2. Nf3 d6 3. d4 cxd4 4. Nxd4 Nf6 5. Nc3 a6 6. Bc4 e6 7. Bb3 Be7 8. Be3 b5 9. f3 Bb7 10. Qd2 Nbd7 11. g4 h6 12. h4 Nb6 13. 0-0-0 Nc4 14. Bxc4 bxc4 15. g5 hxg5 16. hxg5 Rxh1 17. Rxh1 Nd7 18. g6 Ne5 19. Rh8+ Bf8 20. gxf7+ Kxf7 21. Bg5 Qd7 22. Qf4+ Kg6 23. Rxf8 Rxf8 24. Qxf8 Kxg5 25. f4+ Kg6 26. fxe5 dxe5 27. Nf3 Qc7 28. Qe8+ Qf7 29. Nxe5+ 1-0

[Event "Runwal Memorial op U15 Girls 29th"]
[Site "Mumbai"]
[Date "2012.09.26"]
[Round "10"]
[White "Thamaraiselvi, P."]
[Black "Vaishali, Ramesh Babu"]
[Result "0-1"]
[WhiteElo "1643"]
[BlackElo "1947"]
[PlyCount "114"]
[EventDate "2012.09.18"]
[EventType "swiss"]
[EventRounds "11"]
[EventCountry "IND"]
[SourceTitle "EXT 2013"]
[Source "ChessBase"]
[SourceDate "2012.11.22"]
[SourceVersion "1"]
[SourceVersionDate "2012.11.22"]
[SourceQuality "1"]

1. e4 e5 2. Nf3 Nc6 3. Bb5 Nge7 4. c3 Ng6 5. d4 exd4 6. cxd4 Be7 7. 0-0 0-0 8. Nc3 a6 9. Be2 d6 10. Be3 Kh8 11. h3 f5 12. exf5 Bxf5 13. Bd3 Bxd3 14. Qxd3 Qd7 15. Ng5 Nb4 16. Qd2 d5 17. f4 Bxg5 18. fxg5 Rae8 19. Rxf8+ Nxf8 20. a3 Nc6 21. Rf1 Kg8 22. Qf2 Ng6 23. Qf3 Nce7 24. h4 Rf8 25. Qg3 Rxf1+ 26. Kxf1 Nf5 27. Qh3 Ngxh4 28. Bf2 Ng6 29. Ne2 Qe6 30. Ng3 Nxg3+ 31. Qxg3 Qc6 32. Qe3 Kf7 33. b4 Qe6 34. Qf3+ Ke7 35. Qc3 Qd7 36. Qc5+ Ke6 37. Bg3 Qb5+ 38. Qxb5 axb5 39. Bxc7 Kf5 40. Ke2 Ke4 41. Bb6 Nf4+ 42. Kf2 g6 43. Bc7 Ne6 44. Be5 Nxd4 45. Bf6 Nc2 46. Bb2 d4 47. Ke2 d3+ 48. Kd2 Ne3 49. Bc1 Nxg2 50. Kc3 Ne3 51. Kb3 Nd5 52. a4 bxa4+ 53. Kxa4 Kf3 54. Kb5 Ke2 55. Kc4 Nxb4 56. Kxb4 d2 57. Bxd2 Kxd2 0-1